<?xml version="1.0" encoding="UTF-8"?>
<record
    xmlns:xsi="http://www.w3.org/2001/XMLSchema-instance"
    xsi:schemaLocation="http://www.loc.gov/MARC21/slim http://www.loc.gov/standards/marcxml/schema/MARC21slim.xsd"
    xmlns="http://www.loc.gov/MARC21/slim">

  <leader>01206nam a2200205 a 4500</leader>
  <controlfield tag="005">20160923020002.0</controlfield>
  <controlfield tag="008">140311b2002    ck ||||| |||| 00| 0 spa d</controlfield>
  <datafield tag="040" ind1=" " ind2=" ">
    <subfield code="a">CO-BoIAVH</subfield>
    <subfield code="c">CO-BoIAVH</subfield>
  </datafield>
  <datafield tag="041" ind1=" " ind2=" ">
    <subfield code="a">spa</subfield>
  </datafield>
  <datafield tag="044" ind1=" " ind2=" ">
    <subfield code="a">ck</subfield>
  </datafield>
  <datafield tag="082" ind1="0" ind2="4">
    <subfield code="a">577.38</subfield>
    <subfield code="b">M66p</subfield>
  </datafield>
  <datafield tag="110" ind1="2" ind2=" ">
    <subfield code="a">Colombia</subfield>
    <subfield code="b">Ministerio del Medio Ambiente</subfield>
  </datafield>
  <datafield tag="245" ind1="1" ind2="0">
    <subfield code="a">Plan de manejo integral de los humedales, subregi&#xF3;n de la Depresi&#xF3;n Momposina y cuenca del R&#xED;o Sin&#xFA;</subfield>
  </datafield>
  <datafield tag="260" ind1=" " ind2=" ">
    <subfield code="a">Cartagena:</subfield>
    <subfield code="b">Minambiente,</subfield>
    <subfield code="c">2002.</subfield>
  </datafield>
  <datafield tag="300" ind1=" " ind2=" ">
    <subfield code="a">263 p&#xE1;ginas :</subfield>
    <subfield code="b">tablas, gr&#xE1;ficas ;</subfield>
    <subfield code="c">28 x 21 cm.</subfield>
    <subfield code="e">11 mapas</subfield>
  </datafield>
  <datafield tag="505" ind1="2" ind2=" ">
    <subfield code="a">Mapa  No.1 Imagen satelital.
Mapa  No.2 Localizaci&#xF3;n del &#xE1;rea de estudio.
Mapa  No.3 Hidrogr&#xE1;fico.
Mapa  No.4 Distribuci&#xF3;n de complejos.
Mapa  No.5 Fisiograf&#xED;a y suelos.
Mapa  No.6 Uso actual y cobertura vegetal.
Mapa  No.7 Valoraci&#xF3;n RAMSAR.
Mapa  No.8 Oferta pesquera.
Mapa  No.9 Grado de intervenci&#xF3;n.
Mapa  No.10 Indice de necesidades b&#xE1;sicas insatisfechas - NBI %.
Mapa  No.11 Zonificaci&#xF3;n ambiental.</subfield>
  </datafield>
  <datafield tag="650" ind1=" " ind2="6">
    <subfield code="a">Humedales</subfield>
    <subfield code="x">planes de manejo</subfield>
    <subfield code="z">Depresi&#xF3;n Momposina (Caribe, Regi&#xF3;n)</subfield>
    <subfield code="z">Colombia</subfield>
  </datafield>
  <datafield tag="650" ind1=" " ind2="6">
    <subfield code="a">Humedales</subfield>
    <subfield code="x">planes de manejo</subfield>
    <subfield code="z">Cuenca R&#xED;o Sin&#xFA; (Caribe, Regi&#xF3;n)</subfield>
    <subfield code="z">Colombia</subfield>
  </datafield>
  <datafield tag="942" ind1=" " ind2=" ">
    <subfield code="c">LIBRO</subfield>
    <subfield code="2">ddc</subfield>
    <subfield code="0">2</subfield>
  </datafield>
  <datafield tag="999" ind1=" " ind2=" ">
    <subfield code="c">3485</subfield>
    <subfield code="d">3485</subfield>
  </datafield>
  <datafield tag="952" ind1=" " ind2=" ">
    <subfield code="0">0</subfield>
    <subfield code="1">0</subfield>
    <subfield code="2">z</subfield>
    <subfield code="4">0</subfield>
    <subfield code="7">0</subfield>
    <subfield code="8">GENERAL</subfield>
    <subfield code="a">Villa</subfield>
    <subfield code="b">Villa</subfield>
    <subfield code="d">2012-12-04</subfield>
    <subfield code="l">0</subfield>
    <subfield code="o">LB-03269</subfield>
    <subfield code="p">014821</subfield>
    <subfield code="r">2012-12-04 00:00:00</subfield>
    <subfield code="t">Ej. 1</subfield>
    <subfield code="w">2012-12-04</subfield>
    <subfield code="x">Donaci&#xF3;n</subfield>
    <subfield code="y">LIBRO</subfield>
  </datafield>
  <datafield tag="952" ind1=" " ind2=" ">
    <subfield code="0">0</subfield>
    <subfield code="1">0</subfield>
    <subfield code="2">ddc</subfield>
    <subfield code="4">0</subfield>
    <subfield code="7">0</subfield>
    <subfield code="8">GENERAL</subfield>
    <subfield code="I">INV2017</subfield>
    <subfield code="a">Bogota</subfield>
    <subfield code="b">Bogota</subfield>
    <subfield code="d">2012-12-04</subfield>
    <subfield code="e">Instituto</subfield>
    <subfield code="g">15000.00</subfield>
    <subfield code="l">3</subfield>
    <subfield code="o">LB-577.38 M66p</subfield>
    <subfield code="p">016969</subfield>
    <subfield code="r">2019-07-10 00:00:00</subfield>
    <subfield code="s">2019-02-08</subfield>
    <subfield code="t">Ej. 1</subfield>
    <subfield code="w">2012-12-04</subfield>
    <subfield code="x">Donaci&#xF3;n</subfield>
    <subfield code="y">LIBRO</subfield>
    <subfield code="z">Incluye 11 mapas (CID-039563, CID-039564, CID-,039565 CID-039567, CID-039568, CID-039566).</subfield>
  </datafield>
  <datafield tag="952" ind1=" " ind2=" ">
    <subfield code="0">0</subfield>
    <subfield code="1">0</subfield>
    <subfield code="2">ddc</subfield>
    <subfield code="4">0</subfield>
    <subfield code="7">0</subfield>
    <subfield code="8">GENERAL</subfield>
    <subfield code="I">INV2017</subfield>
    <subfield code="a">Bogota</subfield>
    <subfield code="b">Bogota</subfield>
    <subfield code="d">2015-02-13</subfield>
    <subfield code="e">Instituto</subfield>
    <subfield code="g">15000.00</subfield>
    <subfield code="l">2</subfield>
    <subfield code="o">LB-577.38 M66p</subfield>
    <subfield code="p">038685</subfield>
    <subfield code="r">2015-09-01 00:00:00</subfield>
    <subfield code="s">2015-09-01</subfield>
    <subfield code="t">Ej. 3</subfield>
    <subfield code="w">2015-02-13</subfield>
    <subfield code="x">Donaci&#xF3;n</subfield>
    <subfield code="y">LIBRO</subfield>
  </datafield>
</record>
